Geneva watches and enamels
保存先:
| 第一著者: | |
|---|---|
| フォーマット: | 図書 |
| 言語: | Undetermined |
| 出版事項: |
Geneva
Montres Rolex
1945
|
| 主題: | |
| タグ: |
タグ追加
タグなし, このレコードへの初めてのタグを付けませんか!
|
| Thư viện lưu trữ: | Trung tâm Học liệu Trường Đại học Cần Thơ |
|---|
| LEADER | 00490nam a2200193Ia 4500 | ||
|---|---|---|---|
| 001 | CTU_86217 | ||
| 008 | 210402s9999 xx 000 0 und d | ||
| 082 | |a 681.114 | ||
| 082 | |b C463 | ||
| 100 | |a Chapuis, Alfred | ||
| 245 | 0 | |a Geneva watches and enamels | |
| 245 | 0 | |c Alfred Chapuis | |
| 260 | |a Geneva | ||
| 260 | |b Montres Rolex | ||
| 260 | |c 1945 | ||
| 650 | |a Clocks and watches | ||
| 650 | |x History | ||
| 904 | |i Năm | ||
| 980 | |a Trung tâm Học liệu Trường Đại học Cần Thơ | ||